Rio de Janeiro - Choix Multiples - Statistiques

Statistiques générales
  • Ce quiz a été pris 3 946 fois
    3 903 depuis la dernière actualisation
  • Le résultat moyen est 7 sur 10
Statistiques - réponses
Question Réponse % Correct
Qu'est-ce qu'une favela, élément emblématique de la ville et du Brésil ? Un bidonville
94%
Lequel de ces oiseaux est le protagoniste du film d'animation Rio ?
91%
Laquelle de ces photographies a été prise à Rio de Janeiro ?
86%
Que signifie Rio de Janeiro en français ? Rivière de Janvier
85%
Laquelle de ces licences cinématographiques françaises s'est déjà déroulée à Rio de Janeiro ? OSS 117
77%
Sur quelle montagne se dresse la célèbre statue du Christ Rédempteur ? Le Corcovado
66%
Rio de Janeiro a accueilli les Jeux Olympiques d'été. Quelle ville a accueilli la compétition précédente ? Londres
61%
Laquelle de ces danses n'est PAS liée à Rio de Janeiro ? Le cha-cha-cha
57%
Laquelle de ces plages ne se trouve PAS à Rio de Janeiro ? Concha
37%
Quel explorateur européen atteignit en premier la baie de Rio de Janeiro ? Amerigo Vespucci
25%
Aucun quiz correspondant
Distribution des résultats
% des personnes avec chaque résultat
Percentile par nombre de réponses
Votre historique - résultats
Vous n’avez pas pris ce quiz depuis la dernière actualisation